Neighbourhoods of Lethbridge on the Map - Statistics

General Stats
  • This quiz has been taken 13 times
  • The average score is 42 of 45
Answers on the Map
Answers color-coded by a green-red scale on the quiz's map according to % correct below.
 
Answer Stats
Side Neighbourhood % Correct
North Blackwolf
100%
West Copperwood
100%
South Fairmont
100%
South Fleetwood
100%
South Glendale
100%
West Heritage Heights
100%
West Indian Battle Heights
100%
South Lakeview
100%
North Legacy Ridge
100%
South London Road
100%
West Mountain Heights
100%
West Paradise Canyon
100%
South Redwood
100%
West Ridgewood Heights
100%
West Riverstone
100%
South Scenic Heights
100%
North Senator Buchanan
100%
North Staffordville
100%
West Sunridge
100%
West The Canyons
100%
North Uplands
100%
West Varsity Village
100%
South Victoria Park
100%
West West Highlands
100%
North Westminster
100%
North Winston Churchill
100%
South Agnes Davidson
88%
South Chinook Heights
88%
South Downtown
88%
North Hardieville
88%
South Henderson Lake
88%
North Park Meadows
88%
South Park Royal
88%
South Southgate
88%
North Stafford Manor
88%
North St. Edwards
88%
West The Crossings
88%
South Tudor Estates
88%
South Upper Eastside
88%
West Garry Station
75%
North Majestic Place
75%
South Southridge
75%
South West Mayor Magrath
75%
South Prairie Arbour Estates
63%
West Country Meadows
50%
No matching quizzes found
Score Distribution
Percent of People with Each Score
Percentile by Number Answered
Your Score History
You have not taken this quiz